Leftism in India 1917-1947 / (Record no. 181795)

MARC details
000 -LEADER
fixed length control field 00534nam a22001697a 4500
005 - DATE AND TIME OF LATEST TRANSACTION
control field 20211006114856.0
010 ## - LCCN (DPL NO)
LC control number EN230921
020 ## - INTERNATIONAL STANDARD BOOK NUMBER
International Standard Book Number 9789386446183
Terms of availability 350.00
037 ## - SOURCE OF ACQUISITION
Source of stock number/acquisition Sage Publications
100 ## - MAIN ENTRY--PERSONAL NAME
Personal name Chowdhuri, Satyabrata Rai
245 ## - TITLE STATEMENT
Title Leftism in India 1917-1947 /
Statement of responsibility, etc by Satyabrata Rai Chowdhuri
250 ## - EDITION STATEMENT
Edition statement 2nd ed
260 ## - PUBLICATION, DISTRIBUTION, ETC. (IMPRINT)
Place of publication, distribution, etc New Delhi
Name of publisher, distributor, etc Sage Publications
Date of publication, distribution, etc 2017
270 ## - ADDRESS
Address B1/I-1, Mohan Cooperative Industrial Area, Mathura Road
City New Delhi
Postal code 110044
300 ## - PHYSICAL DESCRIPTION
Extent xviii, 190p.
Dimensions 24cm(pbk)
942 ## - ADDED ENTRY ELEMENTS (KOHA)
Source of classification or shelving scheme Dewey Decimal Classification
Item type English Books
Call number suffix CHO

No items available.


© Delhi Public Library
Hit Counter
free hit counter